Culture générale - numéro 1 - Statistiques

Statistiques générales
  • Ce quiz a été pris 201 fois
  • Le résultat moyen est 6 sur 15
Statistiques - réponses
Question Réponse % Correct
Quelle merveille du monde antique est la seule à exister encore aujourd'hui? La Pyramide de Kheops
53%
En quelle année à eu lieu le premier Tour de France? 1903
51%
Le Saturnisme est une maladie liée à l'exposition de quel métal? Le Plomb
48%
Quel anglicisme est utilisé pour désigner un Lance-Roquette? Bazooka
47%
Quelle est la devise de la ville de Paris? Fluctuat nec mergitur
46%
Quel oiseau à la plus grande envergure? Albatros Hurleur
45%
Quel footballeur Italien est connu pour sa longévité et sa fidélité absolue envers l'AS Roma de 1993 à 2017? Francesco Totti
45%
Quel grand maître d'échecs s'incline lors d'un match de revanche face à l'ordinateur Deep Blue en 1997? Garry Kasparov
42%
Dans quel pays est né Joseph Staline? Géorgie
39%
Quelle est la première femme à avoir été membre de l'Académie française? Marguerite Yourcenar
39%
Quel Mont est connu dans le récit biblique pour avoir été le premier lieu de rencontre entre Moïse et Dieu? Mont Sinaï
39%
Quel est le symbole du mercure dans le tableau périodique des éléments? Hg
36%
Quel artiste Français a réuni 3,5 millions de spectateurs pour un concert à Moscou en 1997? Jean-Michel Jarre
25%
Quel archipel Norvégien est le plus proche du Pôle Nord? Le Svalbard
15%
Quel est le plus haut sommet d'Amérique du Nord? Denali
14%
Aucun quiz correspondant
Distribution des résultats
% des personnes avec chaque résultat
Percentile par nombre de réponses
Votre historique - résultats
Vous n’avez pas pris ce quiz